000 00425nmm a2200145Ia 4500
008 251105s9999||||xx |||||||||||||||||und||
041 _aspa
100 _aLópez Rodríguez, Andrés
245 0 _aSueños para un soberano insomne
264 _a[Madrid, España] :
_bLantia,
_c2016
300 _a0 páginas
650 _aScience fiction & Fantasy
856 _uhttps://public.digitaliapublishing.com/a/87537
942 _cCF
999 _c105938
_d105938